000 00446nam a2200169Ia 4500
001 20328
003 IN-NITTTR
005 20251114233233.0
008 251113s9999||||xx |||||||||||||| ||eng||
040 _beng
040 _cIN-NITTTR
041 _aeng
082 _a624.18341 P97R
100 _aPurushothanan, P.
245 0 _aReinforced concrete structural elements :
_b behaviour,analysis and design. /
_cPurushothanan, P.
942 _2ddc
_cBK
999 _c22962
_d22962